Modelovanie ochladzovania častice v procese termického nástreku : Diplomová práca

Guardado en:
Detalles Bibliográficos
Autor principal: Niščák, Michal (Autor)
Otros Autores: Taraba, Bohumil, 1953- (xxx)
Formato: Manuscrito Libro
Lenguaje:eslovaco
Publicado: Trnava : STU v Bratislave MtF KMI, 2003
Materias:
Etiquetas: Agregar Etiqueta
Sin Etiquetas, Sea el primero en etiquetar este registro!

MARC

LEADER 00000ntm a22000003a 4500
001 stu84421
005 20160719154849.0
008 040227s2003----xo------------------slo-d
040 |a STU  |b slo 
041 0 |a slo 
044 |a xo 
100 1 |a Niščák, Michal  |4 aut 
245 1 |a Modelovanie ochladzovania častice v procese termického nástreku :  |b Diplomová práca 
260 |a Trnava :  |b STU v Bratislave MtF KMI,  |c 2003 
300 |a 67 s 
650 7 |a materiálové inžinierstvo  |2 stusub 
650 7 |a kovové a nekovové materiály  |2 stusub 
700 1 |a Taraba, Bohumil,  |d 1953-  |4 xxx  |u M2000  |U MTF Materiálovotechnologická fakulta  |T MTF Ústav výrobných systémov a aplikovanej mechaniky  |X 204  |U M2000  |Y 82  |7 A000000204 
996 |b 284M037637  |c M*DP-4637  |l MMSKP  |s P  |a 0  |w stu84421_0001